000 00310cam a22001217a 4500
008 180718b1928 xxu||||| |||| 00| 0 eng d
082 _aA72x54 L914
100 _aLoti, Pierre
245 _aIndia
_cby Pierre Loti
260 _aLondon
_bLaurie
_c1928
300 _a283p.
650 _aIndia - Description and travel
999 _c372325
_d372325